00820 2200277 4500001002100000005001500021035002000036007000300056008004100059040001700100100002600117245008700143300003000230504002400260041000800284082001000292084001600302090002100318260008400339650002100423850001000444990002200454990002200476990002200498990002200520INLIS00000000000296320260529114801 a0010-1220000011ta260529 0  aSBPUPADbind0 aRosa Vivien Ratnawati1 aPedoman Pelaksanaan Pertanian Perkotaan /cPedoman Pelaksanaan Pertanian Perkotaan a54 hlm. :bilus. ;c20 cm aBibliografi, hlm 550 aind a361.6 a361.6 PED p a361.6 PED p 12-5 a.--Panam :bKementrian Lingkungan Hidup dan Kehutanan Republik Indonesia,c2020 4aLingkungan Hidup aPUPAD a34.871/S/DPK/2020 a34.873/S/DPK/2020 a34.870/S/DPK/2020 a34.872/S/DPK/2020